[Event "SC Klein-Berlin Rheine 2 - SV Ibbenbür"]
[Site "Verbandsliga, Gr. 1 2022/2023"]
[Date "2022.10.22"]
[Round "2.6"]
[White "Brinkmann, Franz Josef"]
[Black "Richter, Juergen"]
[Result "1/2-1/2"]
[WhiteElo "1769"]
[BlackElo "1885"]
[PlyCount "38"]
[EventDate "2022.??.??"]
[SourceTitle "Verband Muensterland"]
[SourceDate "2022.09.23"]
[SourceVersion "1"]
[SourceVersionDate "2022.09.23"]
[SourceQuality "1"]
[WhiteTeam "SC Klein-Berlin Rheine 2"]
[BlackTeam "SV Ibbenbüren 1"]

1. e4 c5 2. Nf3 e6 3. d4 cxd4 4. Nxd4 a6 5. Nc3 Qc7 6. Be2 Bb4 7. Bd2 Nf6 8.
Bf3 O-O 9. Nce2 Be7 10. Ng3 Nc6 11. Nxc6 dxc6 12. O-O e5 13. Qe2 Be6 14. b3
Rfd8 15. Rad1 Rd7 16. Bc3 Rad8 17. Rxd7 Rxd7 18. Rd1 g6 19. Rxd7 Nxd7 1/2-1/2

[Event "SC Klein-Berlin Rheine 2 - SV Ibbenbür"]
[Site "Verbandsliga, Gr. 1 2022/2023"]
[Date "2022.10.22"]
[Round "2.7"]
[White "Hartmann, Viktor"]
[Black "Kruempelmann, Uwe"]
[Result "1-0"]
[WhiteElo "1654"]
[BlackElo "1780"]
[PlyCount "89"]
[EventDate "2022.??.??"]
[SourceTitle "Verband Muensterland"]
[SourceDate "2022.09.23"]
[SourceVersion "1"]
[SourceVersionDate "2022.09.23"]
[SourceQuality "1"]
[WhiteTeam "SV Ibbenbüren 1"]
[BlackTeam "SC Klein-Berlin Rheine 2"]

1. e4 c5 2. Bc4 Nc6 3. a3 Nf6 4. d3 e6 5. Nc3 Be7 6. Nf3 a6 7. e5 Ng4 8. Bf4 d6
9. exd6 Bxd6 10. Bxd6 Qxd6 11. Ne4 Qe7 12. O-O b5 13. Ba2 Bb7 14. Re1 O-O 15.
h3 Nf6 16. Neg5 Nd4 17. Nxd4 cxd4 18. Nxe6 Rfe8 19. Nxd4 Qd7 20. c3 Rac8 21.
Qd2 h6 22. Rxe8+ Rxe8 23. Re1 Rxe1+ 24. Qxe1 Nd5 25. Qe5 Qe7 26. Qxe7 Nxe7 27.
f3 Ng6 28. Kf2 Nf4 29. Bb1 g6 30. h4 Kg7 31. g3 Nd5 32. c4 bxc4 33. dxc4 Ne7
34. b4 Kf6 35. a4 Ke5 36. Ke3 f5 37. a5 g5 38. f4+ Kf6 39. hxg5+ hxg5 40. b5
axb5 41. fxg5+ Kxg5 42. cxb5 Nd5+ 43. Kf2 Ne7 44. a6 Bd5 45. b6 1-0

[Event "SC Klein-Berlin Rheine 2 - SV Ibbenbür"]
[Site "Verbandsliga, Gr. 1 2022/2023"]
[Date "2022.10.22"]
[Round "2.8"]
[White "Huesmann, Stephan"]
[Black "Bloem, Markus"]
[Result "1-0"]
[WhiteElo "1641"]
[BlackElo "1483"]
[PlyCount "67"]
[EventDate "2022.??.??"]
[SourceTitle "Verband Muensterland"]
[SourceDate "2022.09.23"]
[SourceVersion "1"]
[SourceVersionDate "2022.09.23"]
[SourceQuality "1"]
[WhiteTeam "SC Klein-Berlin Rheine 2"]
[BlackTeam "SV Ibbenbüren 1"]

1. e4 c6 2. d4 g6 3. f4 Bg7 4. Be2 Nf6 5. e5 Nd5 6. Nf3 O-O 7. O-O b5 8. Nc3
Nxc3 9. bxc3 d5 10. Qe1 Na6 11. Ng5 h6 12. Nf3 Bg4 13. Qg3 Qd7 14. Bd3 Bxf3 15.
Rxf3 e6 16. Qg4 h5 17. Qg3 c5 18. a4 c4 19. axb5 Qxb5 20. Bxg6 fxg6 21. Qxg6
Nc7 22. Rg3 Qd7 23. Qxh5 Rf5 24. Qf3 Nb5 25. Rh3 Kf8 26. Rh7 Ke8 27. Qh3 Kd8
28. Qg4 Rf7 29. Qg6 Nc7 30. f5 exf5 31. Bh6 Ne6 32. Ra6 Qb5 33. Rd6+ Kc8 34.
Qxe6+ 1-0